00921nam a2200325Ia 4500008004100000020001500041050000900056050001000065100001600075245001800091245004300109260001600152260003100168300001600199300003400215300001100249300001400260440002300274500004400297650001800341650002000359650003800379650003500417650001700452650002500469650002500494650002500519650002500544700002600569170203s9999 xx 000 0 und d a8188370789 a0 30 bF699o aFord, Harry aOuter space / cwritten by Harry Ford and Kay Barnham. aNew Delhi : bYoung Learner Publication. a32 pages :  billustrations (some color) ;  c29 cm. e1 CD-ROM. aKnowledge masters. aIncludes index; Internet linked--cover, aAstronomy --  aBlack holes --  aChildren's questions and answers. aOuter space -- Exploration --  aUniverse --  xJuvenile literature. xJuvenile literature. xJuvenile literature. xJuvenile literature. aBarnham, Kay. Author.